| 000 | 00352nam a22001457a 4500 | ||
|---|---|---|---|
| 003 | OSt | ||
| 008 | 250502b |||||||| |||| 00| 0 eng d | ||
| 100 | _aVARANI,Acharya Bhadarkaam | ||
| 245 | _aVivah Sanskar Vidhi Or Rahsya | ||
| 250 | _aREP. | ||
| 260 |
_aNew Delhi _bVed Parchar Nidhi _c2011 |
||
| 300 | _a176 | ||
| 650 | _aGeneral | ||
| 942 |
_2ddc _cBK |
||
| 999 |
_c13491 _d13491 |
||